Statistics for Russian General Knowledge

Click here to take the quiz!

General Stats

  • This quiz has been taken 181 times
    (164 since last reset)
  • The average score is 11 of 19

Answer Stats

HintAnswer% Correct
Current presidentVladimir Putin
89%
Color of the squareRed
86%
Main currencyRuble
79%
Coldest monthJanuary
77%
41% of Russians belong to this branch of ChristianityEast Orthodox
75%
Sickle and _______Hammer
74%
First Tsar of RussiaIvan III
73%
Russian who was the first to orbit the EarthYuri Gagarin
65%
What type of language is Russian?Slavic
65%
Tsar who established the Royal NavyPeter the Great
65%
The colors of the Russian flag, top to bottomWhite, Blue, Red
64%
City that was besieged for nearly 3 years, with nearly a million Russian deaths.Leningrad/St Petersburg
61%
The year Russia officialy came to be known as the Soviet Union1922
52%
The group that conquered the Kievan Rus in the 13th centuryThe Mongols
49%
Known for his method of killing his enemies, and similarities to draculaVlad the Impaler
45%
Biggest mountain in RussiaMt. Elbrus
44%
Main opponent of Russia during the Great Northern WarSweden
42%
The type of Marxism known to be used in Russia from 1917-1924Leninism
39%
The main architect of St. PetersburgDomenico Trezzini
0%

Score Distribution

Percentile by Number Answered

Percent of People with Each Score

Your Score History

You have not taken this quiz since the last reset